| 000 | 00463nam a22001697a 4500 | ||
|---|---|---|---|
| 003 | LK-CoMWRAF | ||
| 005 | 20231121142816.0 | ||
| 008 | 231121b |||||||| |||| 00| 0 eng d | ||
| 040 |
_aLK-CoMWRAF _dLK-CoMWRAF _eLK-CoMWRAF |
||
| 041 | _aeng | ||
| 082 |
_a822 _bWIJ |
||
| 100 | _aWijesinha, Rajiva | ||
| 245 |
_aA Selection of English drama : _bWith introduction and notes |
||
| 260 |
_aColombo : _bBritish council |
||
| 650 | _aEnglish Drama--Notes | ||
| 942 | _cBK | ||
| 999 |
_c4197 _d4197 |
||